Lecturas mexicanas : excelente literatura al alcance de todos (Record no. 71882)

MARC details
000 -CABECERA
campo de control de longitud fija 00539nam a2200193 a 4500
005 - FECHA Y HORA DE LA ÚLTIMA TRANSACCIÓN
campo de control 20210219153237.0
008 - ELEMENTOS DE LONGITUD FIJA--INFORMACIÓN GENERAL
campo de control de longitud fija 991125n 000 0 u
035 ## - NÚMERO DE CONTROL DEL SISTEMA
Número de control de sistema UPN01000085401
100 ## - ASIENTO PRINCIPAL--NOMBRE PERSONAL
Nombre de persona DURAN CAMPOLLO, Virginia
222 ## - TÍTULO CLAVE
Título clave COMUNICACION EDUCATIVA SEP
245 ## - MENCIÓN DE TÍTULO
Título Lecturas mexicanas : excelente literatura al alcance de todos
300 ## - DESCRIPCIÓN FÍSICA
Extensión 20-21
362 ## - FECHAS DE PUBLICACIÓN Y/O DESIGNACIÓN SECUENCIAL
Fecha de publicación y/o designación secuencial 1984 Año 2, no. 15 oct.
653 0# - TERMINO DE INDIZACION - NO CONTROLADO
Término no controlado INDUSTRIA EDITORIAL
653 0# - TERMINO DE INDIZACION - NO CONTROLADO
Término no controlado LECTURAS MEXICANAS
653 0# - TERMINO DE INDIZACION - NO CONTROLADO
Término no controlado LIBROS
904 ## - ELEMENTOS DE DATOS D LOCAL, LDD (RLIN)
a AC
b 023212
905 ## - TIPO DE MATERIAL
Tipo de material Articulo

No items available.